[Event "Asnieres sur Seine Trophy"]
[Site "Asnieres sur Seine"]
[Date "2021.09.11"]
[Round "3"]
[White "Bacrot, Etienne"]
[Black "Dumas, Charles"]
[Result "1-0"]
[WhiteElo "2658"]
[BlackElo "2295"]
[PlyCount "41"]
[EventDate "2021.09.11"]
[EventType "swiss (rapid)"]
[EventRounds "11"]
[EventCountry "FRA"]
[SourceTitle "CBM 204 Extra"]
[Source "ChessBase"]
[SourceDate "2021.11.30"]
[SourceVersion "1"]
[SourceVersionDate "2021.11.30"]
[SourceQuality "1"]

1. e4 c5 2. Nf3 Nc6 3. Bb5 g6 4. Bxc6 bxc6 5. 0-0 Bg7 6. Re1 Nh6 7. c3 0-0 8. d4 cxd4 9. cxd4 d5 10. e5 f6 11. h3 Nf7 12. e6 Nd6 13. Nc3 g5 14. Qc2 Qe8 15. b3 Qh5 16. Ba3 g4 17. hxg4 Qxg4 18. Qe2 Nf5 19. Rac1 Kh8 20. Rcd1 Rg8 21. Ne5 1-0

[Event "FRA-ch Blitz Online Qual"]
[Site "Europe Echecs INT"]
[Date "2020.05.16"]
[Round "12"]
[White "Dumas, Charles"]
[Black "Nineuil, Vincent"]
[Result "0-1"]
[WhiteElo "2284"]
[BlackElo "1920"]
[PlyCount "110"]
[EventDate "2020.05.16"]
[EventType "swiss (blitz)"]
[EventRounds "15"]
[EventCountry "FRA"]
[SourceTitle "CBM 196 Extra"]
[Source "ChessBase"]
[SourceDate "2020.07.31"]
[SourceVersion "1"]
[SourceVersionDate "2020.07.31"]
[SourceQuality "1"]

1. e4 c5 2. Nf3 d6 3. Bb5+ Nd7 4. 0-0 a6 5. Bd3 Ngf6 6. Re1 g6 7. c3 Qc7 8. Bf1 Bg7 9. d4 cxd4 10. cxd4 e5 11. Nc3 0-0 12. Be3 b5 13. Rc1 Qb8 14. Bg5 Bb7 15. Nd5 Nxd5 16. exd5 Bxd5 17. dxe5 Bxf3 18. Qxf3 dxe5 19. Red1 Nb6 20. Bd3 f5 21. Bc2 e4 22. Bb3+ Kh8 23. Qe3 Bxb2 24. Rc6 Na4 25. Rxg6 Qe8 26. Rh6 Bg7 27. Rh4 Qg6 28. Rd7 Rac8 29. h3 Nc5 30. Rxg7 Qxg7 31. Bh6 Qg6 32. Qd4+ Qf6 33. Qxf6+ Rxf6 34. Bf4 Nxb3 35. Be5 Rcc6 36. axb3 Kg7 37. g4 fxg4 38. hxg4 h6 39. Rh5 Kf7 40. Bxf6 Rxf6 41. Re5 Re6 42. Rf5+ Kg6 43. Rc5 Rd6 44. b4 Rd4 45. Rc6+ Kg5 46. Rxa6 Rxb4 47. Rb6 Kxg4 48. Rxh6 Kf3 49. Rh3+ Ke2 50. Re3+ Kd2 51. Kf1 Rd4 52. Rb3 b4 53. Rb2+ Kc3 54. Rb1 b3 55. Ke2 Kc2 0-1

[Event "FRA-ch Blitz Online Qual"]
[Site "Europe Echecs INT"]
[Date "2020.05.16"]
[Round "4"]
[White "Dumas, Charles"]
[Black "Oney, Remel"]
[Result "1-0"]
[WhiteElo "2284"]
[BlackElo "1781"]
[PlyCount "81"]
[EventDate "2020.05.16"]
[EventType "swiss (blitz)"]
[EventRounds "15"]
[EventCountry "FRA"]
[SourceTitle "CBM 196 Extra"]
[Source "ChessBase"]
[SourceDate "2020.07.31"]
[SourceVersion "1"]
[SourceVersionDate "2020.07.31"]
[SourceQuality "1"]

1. e4 Nf6 2. e5 Nd5 3. d4 d6 4. Nf3 Bg4 5. Be2 e6 6. 0-0 Be7 7. c4 Nb6 8. b3 0-0 9. Na3 Nc6 10. Nc2 Bxf3 11. Bxf3 dxe5 12. Bxc6 bxc6 13. dxe5 Nd7 14. Bb2 Nc5 15. Qf3 a5 16. Nd4 a4 17. Nxc6 Qe8 18. b4 Na6 19. a3 Bg5 20. Rad1 f5 21. exf6 Bxf6 22. Bxf6 Rxf6 23. Qe4 Rc8 24. Rd3 Nb8 25. Ne5 Rd8 26. Rfd1 Rxd3 27. Rxd3 g6 28. h3 Qf8 29. Qd4 Kg7 30. Ng4 e5 31. Qxe5 Nc6 32. Qxf6+ Qxf6 33. Nxf6 Kxf6 34. f4 Kf5 35. g3 g5 36. Rd5+ Ke4 37. fxg5 Nd4 38. Ra5 Nc2 39. Rxa4 Kd4 40. c5 Kc4 41. Ra7 1-0

[Event "FRA-ch Blitz Online Qual"]
[Site "Europe Echecs INT"]
[Date "2020.05.16"]
[Round "9"]
[White "Louistisserand, Patrick"]
[Black "Dumas, Charles"]
[Result "1-0"]
[WhiteElo "2245"]
[BlackElo "2284"]
[PlyCount "55"]
[EventDate "2020.05.16"]
[EventType "swiss (blitz)"]
[EventRounds "15"]
[EventCountry "FRA"]
[SourceTitle "CBM 196 Extra"]
[Source "ChessBase"]
[SourceDate "2020.07.31"]
[SourceVersion "1"]
[SourceVersionDate "2020.07.31"]
[SourceQuality "1"]

1. d4 Nf6 2. c4 e6 3. Nc3 Bb4 4. e3 b6 5. Bd3 0-0 6. Nf3 Bb7 7. 0-0 Bxc3 8. bxc3 c5 9. Nd2 d6 10. f4 Qe7 11. e4 e5 12. fxe5 dxe5 13. d5 Nbd7 14. Qe1 Ne8 15. Nf3 Nd6 16. Nh4 h6 17. Qg3 Kh7 18. Bd2 Nf6 19. Nf5 Nxf5 20. Rxf5 Rae8 21. Raf1 Bc8 22. Rxf6 gxf6 23. Qh4 Rh8 24. Rxf6 Kg8 25. Qg3+ Kf8 26. Bxh6+ Rxh6 27. Rxh6 Qc7 28. Qg5 1-0

[Event "FRA-ch High Schools"]
[Site "Asnieres sur Seine"]
[Date "2018.05.05"]
[Round "6.1"]
[White "Song, Julien"]
[Black "Dumas, Charles"]
[Result "1-0"]
[WhiteElo "2359"]
[BlackElo "2061"]
[PlyCount "61"]
[EventDate "2018.05.12"]
[EventType "swiss (rapid)"]
[EventRounds "17"]
[EventCountry "FRA"]
[SourceTitle "EXT 2019"]
[Source "ChessBase"]
[SourceDate "2018.10.10"]
[SourceVersion "1"]
[SourceVersionDate "2018.10.10"]
[SourceQuality "1"]

1. d4 Nf6 2. c4 e6 3. Nf3 Bb4+ 4. Nbd2 0-0 5. a3 Bxd2+ 6. Qxd2 b6 7. e3 Bb7 8. Be2 d6 9. 0-0 Nbd7 10. b4 e5 11. dxe5 Nxe5 12. Nxe5 dxe5 13. Rd1 Qe7 14. Bb2 h6 15. Qc3 Rfe8 16. f3 Rad8 17. Rxd8 Qxd8 18. Rd1 Qc8 19. c5 Nd5 20. Qb3 Qe6 21. Bc4 c6 22. e4 b5 23. exd5 bxc4 24. dxe6 cxb3 25. Rd7 Rxe6 26. Rxb7 e4 27. fxe4 Rxe4 28. b5 Re1+ 29. Kf2 Rb1 30. bxc6 Rxb2+ 31. Kg3 1-0

[Event "Le Port Marly Paribas blitz op"]
[Site "Le Port Marly"]
[Date "2013.06.15"]
[Round "10"]
[White "Dumas, Charles"]
[Black "Dourerassou, Jonathan"]
[Result "0-1"]
[WhiteElo "2260"]
[BlackElo "2580"]
[PlyCount "64"]
[EventDate "2013.06.15"]
[EventType "swiss (blitz)"]
[EventRounds "15"]
[EventCountry "FRA"]
[SourceTitle "EXT 2014"]
[Source "ChessBase"]
[SourceDate "2013.11.20"]
[SourceVersion "1"]
[SourceVersionDate "2013.11.20"]
[SourceQuality "1"]

1. e4 c5 2. c3 b6 3. d4 Bb7 4. Bd3 e6 5. Nf3 Nf6 6. Qe2 Be7 7. 0-0 d5 8. e5 Nfd7 9. Nbd2 Nc6 10. Re1 Qc7 11. Nf1 0-0-0 12. a4 c4 13. Bc2 h6 14. b3 cxb3 15. Bxb3 Na5 16. Ba2 Kb8 17. Bd2 g5 18. Rec1 Rc8 19. Be1 h5 20. N3d2 g4 21. c4 dxc4 22. Nxc4 Nxc4 23. Rxc4 Qd8 24. Rac1 Rxc4 25. Bxc4 Bg5 26. Bd2 Bxd2 27. Nxd2 Nf8 28. Qd3 Ng6 29. Qe3 Nh4 30. Bd3 Nxg2 31. Qg3 h4 32. Qxg4 Rg8 0-1

[Event "FRA-ch U16"]
[Site "Saint Paul Trois Chateaux"]
[Date "2013.05.04"]
[Round "7"]
[White "Dumas, Charles"]
[Black "Micottis, Dorian"]
[Result "1/2-1/2"]
[WhiteElo "2077"]
[BlackElo "2050"]
[PlyCount "62"]
[EventDate "2013.04.28"]
[EventType "swiss"]
[EventRounds "9"]
[EventCountry "FRA"]
[SourceTitle "CBM 154 Extra"]
[Source "ChessBase"]
[SourceDate "2013.06.25"]
[SourceVersion "2"]
[SourceVersionDate "2013.06.25"]
[SourceQuality "1"]

1. e4 c5 2. Nf3 Nc6 3. c3 d5 4. exd5 Qxd5 5. d4 Bf5 6. Be3 Nf6 7. dxc5 Qxd1+ 8. Kxd1 e6 9. Nd4 Bxb1 10. Rxb1 Bxc5 11. Bb5 0-0-0 12. Bxc6 e5 13. Bf3 exd4 14. cxd4 Bxd4 15. Bxd4 Rxd4+ 16. Kc2 Rhd8 17. Rbd1 Rxd1 18. Rxd1 Rxd1 19. Kxd1 Kc7 20. Kd2 b6 21. Kd3 Nd7 22. Kd4 Kd6 23. Bd5 f6 24. f4 Nc5 25. g3 Ne6+ 26. Bxe6 Kxe6 27. Ke4 f5+ 28. Kd4 Kd6 29. Kc4 Kc6 30. Kd4 Kd6 31. Kc4 Kc6 1/2-1/2

[Event "FRA-chT U20 GpB 1213"]
[Site "France"]
[Date "2013.01.05"]
[Round "5"]
[White "Dumas, Charles"]
[Black "Auvray, Honorine"]
[Result "1-0"]
[WhiteElo "2020"]
[BlackElo "1808"]
[PlyCount "63"]
[EventDate "2012.12.01"]
[EventType "team"]
[EventRounds "7"]
[EventCountry "FRA"]
[SourceTitle "EXT 2014"]
[Source "ChessBase"]
[SourceDate "2013.11.20"]
[SourceVersion "1"]
[SourceVersionDate "2013.11.20"]
[SourceQuality "1"]
[WhiteTeam "Saint Mande U20"]
[BlackTeam "Agneaux Saint Lo (U20)"]
[WhiteTeamCountry "FRA"]
[BlackTeamCountry "FRA"]

1. e4 c5 2. c3 d5 3. exd5 Qxd5 4. d4 Nf6 5. Nf3 Bg4 6. Nbd2 Nc6 7. Bc4 Bxf3 8. Qb3 Na5 9. Qb5+ Qd7 10. Nxf3 Nxc4 11. Qxc4 cxd4 12. Nxd4 e6 13. 0-0 Rc8 14. Qe2 Bc5 15. Rd1 0-0 16. Nb3 Qc7 17. Nxc5 Qxc5 18. Be3 Qa5 19. Bd4 b6 20. Bxf6 gxf6 21. Rd3 Rcd8 22. Rad1 Rxd3 23. Qxd3 Qxa2 24. Qd4 Kg7 25. h4 Qa5 26. Rd3 Qe5 27. Rg3+ Kh8 28. Qg4 f5 29. Qg5 b5 30. f4 Qe1+ 31. Kh2 Qxg3+ 32. Qxg3 1-0

[Event "FRA-chT U20 GpB 1213"]
[Site "France"]
[Date "2012.12.01"]
[Round "1"]
[White "Kambrath, Yannick"]
[Black "Dumas, Charles"]
[Result "1/2-1/2"]
[WhiteElo "2240"]
[BlackElo "2020"]
[PlyCount "99"]
[EventDate "2012.12.01"]
[EventType "team"]
[EventRounds "7"]
[EventCountry "FRA"]
[SourceTitle "EXT 2014"]
[Source "ChessBase"]
[SourceDate "2013.11.20"]
[SourceVersion "1"]
[SourceVersionDate "2013.11.20"]
[SourceQuality "1"]
[WhiteTeam "Clichy (U20)"]
[BlackTeam "Saint Mande U20"]
[WhiteTeamCountry "FRA"]
[BlackTeamCountry "FRA"]

1. d4 Nf6 2. c4 e6 3. Nf3 Bb4+ 4. Bd2 c5 5. e3 Bxd2+ 6. Qxd2 cxd4 7. exd4 d6 8. Nc3 0-0 9. Be2 Qe7 10. 0-0 e5 11. Rfe1 Nc6 12. Rac1 Re8 13. d5 Nb8 14. c5 a6 15. b4 Bf5 16. Na4 Nbd7 17. Bf1 Rac8 18. c6 bxc6 19. Nd4 Be4 20. Nxc6 Qf8 21. Nc3 Bg6 22. Bxa6 Ra8 23. Bb7 Rab8 24. Nxb8 Rxb8 25. Ba6 Rxb4 26. Nb5 Rxb5 27. Rc8 Rxd5 28. Rxf8+ Nxf8 29. Qb4 h5 30. h3 Rd4 31. Qb8 N6d7 32. Qc7 Nc5 33. Bb5 Nfe6 34. Qb8+ Kh7 35. a4 Nf4 36. Qa7 f6 37. Re3 Ne4 38. Be2 Rd2 39. Bf3 Nxf2 40. Qa5 Ra2 41. Qb5 N2d3 42. a5 Ra1+ 43. Kh2 Nf2 44. g3 N4xh3 45. Re2 Bd3 46. Qb2 Bxe2 47. Bxe2 Rxa5 48. Qc2+ e4 49. Bf1 Rc5 50. Qe2 1/2-1/2

[Event "Paris-ch op-B 87th"]
[Site "Paris"]
[Date "2012.07.08"]
[Round "2"]
[White "Dumas, Charles"]
[Black "Pluyaud, Benoit"]
[Result "0-1"]
[WhiteElo "1967"]
[BlackElo "2150"]
[PlyCount "58"]
[EventDate "2012.07.07"]
[EventType "swiss"]
[EventRounds "9"]
[EventCountry "FRA"]
[SourceTitle "EXT 2013"]
[Source "ChessBase"]
[SourceDate "2012.11.22"]
[SourceVersion "1"]
[SourceVersionDate "2012.11.22"]
[SourceQuality "1"]

1. e4 e5 2. Nc3 d6 3. Bc4 Be7 4. d3 Nf6 5. f4 0-0 6. f5 c6 7. Bb3 b5 8. a3 d5 9. Qf3 b4 10. axb4 Bxb4 11. Bd2 Bb7 12. Nge2 dxe4 13. dxe4 c5 14. 0-0-0 Qa5 15. Kb1 Nc6 16. Bg5 Bxc3 17. Bxf6 gxf6 18. Qg4+ Kh8 19. Nxc3 Nd4 20. Qh4 Qa6 21. Bd5 Rab8 22. Bxb7 Rxb7 23. Nd5 Rfb8 24. b4 Rxb4+ 25. Nxb4 Rxb4+ 26. Kc1 Ne2+ 27. Kd2 Nf4 28. Qg4 Rxe4 29. Rhe1 Qa5+ 0-1

[Event "FRA-chT U20"]
[Site "France"]
[Date "2012.05.26"]
[Round "?"]
[White "Kirk, Ezra"]
[Black "Dumas, Charles"]
[Result "0-1"]
[WhiteElo "2225"]
[BlackElo "1939"]
[PlyCount "82"]
[EventDate "2012.05.26"]
[EventType "team-swiss"]
[EventRounds "9"]
[EventCountry "FRA"]
[SourceTitle "EXT 2014"]
[Source "ChessBase"]
[SourceDate "2013.11.20"]
[SourceVersion "1"]
[SourceVersionDate "2013.11.20"]
[SourceQuality "1"]

1. d4 Nf6 2. c4 e6 3. Nc3 Bb4 4. e3 0-0 5. Bd3 d6 6. Nf3 Qe7 7. Qb3 Bxc3+ 8. Qxc3 Nbd7 9. 0-0 e5 10. Nd2 b6 11. b3 Bb7 12. Bb2 e4 13. Be2 Ne8 14. f3 f5 15. fxe4 fxe4 16. d5 Nef6 17. Rf4 Nc5 18. Qc2 Rae8 19. b4 Nd3 20. Bxf6 Rxf6 21. Rxe4 Ne5 22. Qa4 Bc8 23. Nf1 Bf5 24. Rd4 Ref8 25. Re1 Rg6 26. Qd1 Qg5 27. g3 Bh3 28. Qc1 Rgf6 29. Rf4 Ng6 30. Nd2 Nxf4 31. exf4 Rxf4 32. Ne4 Qg6 33. Bd3 Rf3 34. Nf2 Rxd3 35. Nxh3 Rxg3+ 36. hxg3 Qxg3+ 37. Kh1 Qxh3+ 38. Kg1 Qg4+ 39. Kh1 Qh5+ 40. Kg2 Qg6+ 41. Kh1 Rf5 0-1